000 00559nam a2200193Ia 4500
008 191130s2010##################000#0#eng##
020 _a9781906787615
040 _aACL
_cACL
082 _a641.5638 GRA
100 _aGraimes, Nicola
245 _aQuick & easy low-sugar recipes : lose weight, boost energy, fight fatique
_cNicola Graimes
260 _aLondon
_bWatkins
_c2010
300 _a234 p. : 24 cm
650 _aLow-calorie diet
650 _aSugar-free diet
990 _a72f1531aac10000c68aa12279ef29b70
991 _a314233
999 _c48718
_d48718